00992ngm a2200241 a 450000500170000000800410001708200190005810000290007724500720010625000190017830000630019749000390026050000900029965000680038965000450045765000530050270000300055526400420058533600270062733700330065433800280068704000350071520220317001256.0160825s1998 ck a g 000 0 spa 04a791.436bM14vr1 aGaviria, Víctord1955-13aLa vendedora de rosascdirección Victor Gaviriahvideograbación a1a. edición  a1 videocasete en VHS (116 minutos)bsonido, color c20 cm  aLa maletappelículas colombianas aLa película pertenece a la colección La Maleta. Dirigida para un público adulto142LEMBaPelículas Cinematográficas ColombianasvVideocasetes 142LEMBaPobreza en el cine vVideocasetes 142LEMBaAbuso de drogas en el cine vVideocasetes 1 aGaviria, Víctord1955-  aBogotábMinisterio de Culturac1998 atextobtxt2rdacontent asin mediaciónbn2rdamedia avolumenbnc2rdacarrier aCO-BoRNBPbspaerdacCO-BoRNBP